000 01373nam a2200265Ia 4500
001 17693
003 GE_BSU
008 181216s||||||||xx |||||||||||||| ||und||
020 _a9789941432200
040 _cGE_BSU
080 _a581.526(075.8)+630
100 _aტყავაძე,მ., კილაძე,რ.,გუბელაძე,ე.
245 _aდეკორაციული დენდროლოგია. წიგნი 1
245 _bსახ-ლო საბაღო-საპარკო მეურნეობის, ტურიზმისა და აგროტექნოლოგიის სპეც. სტუდ-ს
245 _cრედ.ე.ბენიძე, მხარვ.-გამფორმებ.გ.ჩანტლაძე
260 _aქუთაისი
260 _bაკაკი წერეთლის სახ. უნ-ტი
260 _c2011
300 _a293გვ.28სმ.ილ.
300 _eმცენარ.ქართ.სახელწ. საძიებ.:გვ.286-287. მცენარ ლათინ.სახელწ. საძიებ.:გვ.287-288. ბიბლიოგრ.289-290
653 _aბოტანიკა
653 _aდეკორაციული დენდროლოგია
653 _aეკოლოგია
942 _cBK
999 _c50741
_d50741